000 00308nam a22001337a 4500
008 181206b xxu||||| |||| 00| 0 eng d
020 _a9780486685052
041 _aeng
080 _a541
100 _a12
101 _aKIM
245 _aVectors and Tensors in Crystallography
_cSands,D.E
942 _2udc
_cBK
999 _c52948
_d52948